Letters of swami Vivekananda/ (Record no. 172074)

MARC details
000 -LEADER
fixed length control field 00495nam a22001817a 4500
005 - DATE AND TIME OF LATEST TRANSACTION
control field 20200127124818.0
010 ## - LCCN (DPL NO)
LC control number ENG-127562
020 ## - INTERNATIONAL STANDARD BOOK NUMBER
Terms of availability 170.00
International Standard Book Number 8175050624
035 ## - SYSTEM CONTROL NUMBER
System control number EN-111094
037 ## - SOURCE OF ACQUISITION
Source of stock number/acquisition DBAD/PUB
082 ## - DEWEY DECIMAL CLASSIFICATION NUMBER
Classification number 230.35
245 ## - TITLE STATEMENT
Title Letters of swami Vivekananda/
260 ## - PUBLICATION, DISTRIBUTION, ETC. (IMPRINT)
Place of publication, distribution, etc Uttarakhand
Name of publisher, distributor, etc Advaita Ashrama
Date of publication, distribution, etc 2017
270 ## - ADDRESS
Address Mayavati,Champawat
City Uttarakhand
Postal code 262524
300 ## - PHYSICAL DESCRIPTION
Extent 455p
Dimensions 21cm(hb)
500 ## - GENERAL NOTE
General note Includes index
942 ## - ADDED ENTRY ELEMENTS (KOHA)
Source of classification or shelving scheme Dewey Decimal Classification
Item type English Books
Call number suffix LET
Classification part 230.35
Holdings
Withdrawn status Lost status Not for loan Collection code Home library Current library Date acquired Source of acquisition Cost, normal purchase price Full call number Barcode Copy number Cost, replacement price Koha item type
      Non-fiction Sarojini Nagar Sarojini Nagar 27/01/2020 DBAD/PUB 170.00 230.35 LET EN-111094 1 170.00 English Books

© Delhi Public Library
Hit Counter
free hit counter